000 00634nam a22001817a 4500
005 20251108174751.0
008 250721s2008 xx 000 0 ara d
082 1 4 _a813.009/حسن
100 1 _aحسن، حسين سرمك
_eمؤلف
245 1 0 _aاللعنة المباركة : جدل المقدس و المدنس في الدب الروائي عند وارد بدر السالم /
264 1 _aدمشق :
_bدار نينوى للنشر،
_c2008.
300 _aج.1.
650 1 7 _aالأدب العربي
650 1 7 _aالنقد الأدبي
650 1 7 _aالتحليل الأدبي
942 _2ddc
_cBK
999 _c117487
_d117487